| 000 | 004360000a22001810004500 | ||
|---|---|---|---|
| 003 | MACL | ||
| 005 | 20160109122911.0 | ||
| 008 | 160109b xxu||||| |||| 00| 0 eng d | ||
| 040 |
_aMACL _cMACL |
||
| 041 | _aEnglish | ||
| 082 | _a920/SCA | ||
| 100 |
_aScarfe, Wendy _930272 |
||
| 245 | _aJ P His Biography | ||
| 260 |
_bOrient parerbacks _c1975 _aNew Delhi |
||
| 350 | _a60 | ||
| 650 |
_aBiography _930273 |
||
| 942 |
_cBK _k920/Sca _2ddc |
||
| 999 |
_c33736 _d33736 |
||